• 首页
  • 本馆介绍
  • 公告通知
  • 最新文献
  • 馆藏检索
  • 电子资源
  • 读者导购
  • 参考咨询
  • 我的图书馆
  • 登录
  • 详细信息显示
  • 放入我的书架
  • 预约/预借图书
  • 作者相关作品
  • 分类相关作品
  • 丛书相关作品
  • 出版社相关作品

书目信息

  • 表格格式
  • 工作单格式
  • 卡片格式
题名:
广告设计
    
 
作者: 成朝晖 编著
分册:  
出版信息: 杭州   中国美术学院出版社  2001
页数: 71页
开本: 26cm
丛书名: 平面港丛书
单 册:
中图分类: J534.3
科图分类:
主题词: 广告--设计--世界--图集
电子资源:
ISBN: 7-81019-743-6
000 00832oam2 2200265 450
001 0100091719
005 20020928000000.0
010    @a7-81019-743-6@dCNY18.00
011    @a7-81019-743-6
100    @a20010601d2001 em y0chiy0110 ea
101 0  @achi
102    @aCN@b330000
105    @aa z 000yy
106    @ar
200 1  @a广告设计@9Guang;An Gao She Ji @f成朝晖编著@b专著
210    @a杭州@c中国美术学院出版社@d2001
215    @a71页@d26cm
225 2  @a平面港丛书
330    @a本书内容包括:“广告设计概说”、“广告设计的基本特征”、“平面海报的生命力”、“平面广告创意设计的方法”等。
461  0 @12001 @a平面港丛书
606 0  @a广告@x设计@y世界@j图集
690    @aJ534.3@v4
701  0 @a成朝晖@c(女,@f1971~)@9cheng chao hui@4编著
801  0 @aCN@bAiZhiMarc@c20010608
905    @aBZT@dJ534.3@e12@f2@sJ534.3/12
    
    广告设计/成朝晖编著.-杭州:中国美术学院出版社,2001
    71页;26cm.-(平面港丛书)
    
    
    ISBN 7-81019-743-6:CNY18.00
    本书内容包括:“广告设计概说”、“广告设计的基本特征”、“平面海报的生命力”、“平面广告创意设计的方法”等。
●
相关链接 在五车中查询图书 在当当中查询图书 在豆瓣中查询图书


正题名:广告设计     索取号:J534.3/12         预约/预借

序号 登录号 条形码 馆藏地/架位号 状态 备注
1 2000060292   2000060292   旧书回溯/ [索取号:J534.3/12] 在馆    
2 2000067132   2000067132   旧书回溯/ [索取号:J534.3/12] 在馆    
山东省滨州职业学院图书馆 欢迎您!
大连网信软件有限公司© 版权所有